Designing and building fuel cells / (Record no. 11666)
[ view plain ]
| 000 -LEADER | |
|---|---|
| fixed length control field | 01602cam a2200349 a 4500 |
| 001 - CONTROL NUMBER | |
| control field | 14741385 |
| 005 - DATE AND TIME OF LATEST TRANSACTION | |
| control field | 20080317131713.0 |
| 008 - FIXED-LENGTH DATA ELEMENTS--GENERAL INFORMATION | |
| fixed length control field | 070221s2007 nyua b 001 0 eng |
| 010 ## - LIBRARY OF CONGRESS CONTROL NUMBER | |
| LC control number | 2007007508 |
| 015 ## - NATIONAL BIBLIOGRAPHY NUMBER | |
| National bibliography number | GBA723966 |
| Source | bnb |
| 016 7# - NATIONAL BIBLIOGRAPHIC AGENCY CONTROL NUMBER | |
| Record control number | 013704150 |
| Source | Uk |
| 020 ## - INTERNATIONAL STANDARD BOOK NUMBER | |
| International Standard Book Number | 0071489770 (alk. paper) |
| 020 ## - INTERNATIONAL STANDARD BOOK NUMBER | |
| International Standard Book Number | 9780071489775 (alk. paper) |
| 035 ## - SYSTEM CONTROL NUMBER | |
| System control number | (OCoLC)ocm85162236 |
| 035 ## - SYSTEM CONTROL NUMBER | |
| System control number | (OCoLC)85162236 |
| 040 ## - CATALOGING SOURCE | |
| Original cataloging agency | DLC |
| Transcribing agency | DLC |
| Modifying agency | BAKER |
| -- | UKM |
| -- | BTCTA |
| -- | C#P |
| -- | YDXCP |
| -- | IXA |
| -- | DLC |
| 050 00 - LIBRARY OF CONGRESS CALL NUMBER | |
| Classification number | TK2931 |
| Item number | .S65 2007 |
| 082 00 - DEWEY DECIMAL CLASSIFICATION NUMBER | |
| Classification number | 621.312429 |
| Edition number | 22 |
| Item number | SPI |
| 100 1# - MAIN ENTRY--PERSONAL NAME | |
| Personal name | Spiegel, Colleen S. |
| 9 (RLIN) | 5512 |
| 245 10 - TITLE STATEMENT | |
| Title | Designing and building fuel cells / |
| Statement of responsibility, etc | Colleen S. Spiegel |
| 246 14 - VARYING FORM OF TITLE | |
| Title proper/short title | Designing & building fuel cells |
| 260 ## - PUBLICATION, DISTRIBUTION, ETC. (IMPRINT) | |
| Place of publication, distribution, etc | New York : |
| Name of publisher, distributor, etc | McGraw-Hill, |
| Date of publication, distribution, etc | c2007. |
| 300 ## - PHYSICAL DESCRIPTION | |
| Extent | xiv, 434 p. : |
| Other physical details | ill. ; |
| Dimensions | 24 cm. |
| 504 ## - BIBLIOGRAPHY, ETC. NOTE | |
| Bibliography, etc | Includes bibliographical references and index. |
| 650 #0 - SUBJECT ADDED ENTRY--TOPICAL TERM | |
| Topical term or geographic name as entry element | Fuel cells |
| General subdivision | Design and construction. |
| 9 (RLIN) | 5513 |
| 856 41 - ELECTRONIC LOCATION AND ACCESS | |
| Materials specified | Table of contents only |
| Uniform Resource Identifier | <a href="http://www.loc.gov/catdir/toc/ecip0711/2007007508.html">http://www.loc.gov/catdir/toc/ecip0711/2007007508.html</a> |
| 856 42 - ELECTRONIC LOCATION AND ACCESS | |
| Materials specified | Publisher description |
| Uniform Resource Identifier | <a href="http://www.loc.gov/catdir/enhancements/fy0712/2007007508-d.html">http://www.loc.gov/catdir/enhancements/fy0712/2007007508-d.html</a> |
| 856 42 - ELECTRONIC LOCATION AND ACCESS | |
| Materials specified | Contributor biographical information |
| Uniform Resource Identifier | <a href="http://www.loc.gov/catdir/enhancements/fy0712/2007007508-b.html">http://www.loc.gov/catdir/enhancements/fy0712/2007007508-b.html</a> |
| 942 ## - ADDED ENTRY ELEMENTS (KOHA) | |
| Source of classification or shelving scheme | Dewey Decimal Classification |
| Item type | Book - Borrowing |
| Withdrawn status | Item status | Source of classification or shelving scheme | Damaged status | Not for loan | Vendor | Home library | Current library | Shelving location | Date acquired | Source of acquisition | Cost, normal purchase price | Serial Enumeration / chronology | Total Checkouts | Total Renewals | Full call number | Barcode | Date last seen | Date last borrowed | Koha item type |
|---|---|---|---|---|---|---|---|---|---|---|---|---|---|---|---|---|---|---|---|
| Dewey Decimal Classification | Alahram | Central Library | Central Library | First floor | 27/05/2009 | 567.00 | 353 | 5 | 15 | 621.312429 SPI | 000016398 | 15/07/2025 | 05/08/2021 | Book - Borrowing |